000 02539cam a22005414i 4500
003 PE-LiUPU
005 20250731173450.0
008 150616s1993 pe a rb 000 0 spa d
020 _a1871609313
035 _a(Sirsi) i9781871609318
040 _aPE-LiUPU
_bspa
_cPE-LiUPU
_erda
049 _aPRUA
082 0 4 _a253.75509
_bK46
_221
100 1 _aKessler, Juan C.,
_eautor.
245 1 0 _aHistoria de la Evangelización en el Perú /
_cJuan C. Kessler.
264 1 _aLima :
_bEdiciones Puma,
_c1993.
300 _a347 páginas :
_bIlustraciones ;
_c21 centímetros
336 _atext
_2rdacontent
337 _aunmediated
_2rdamedia
338 _avolume
_2rdacarrier
504 _aIncluye Bibliografía.
505 0 _aEl trasfondo de las iglesias peruanas -- Las iglesias que practicaron el bautismo de niños -- Iglesias que practicaron el bautismo de adultos -- Las iglesias que acentuaron el bautismo en el Espíritu -- Una iglesia que no practicó el bautismo -- Análisis bíblico del desarrollo de las iglesia.
526 _aSEG42
526 _aSEG41
526 _aSEG40
526 _aSEG39
526 _aP94
526 _aP87
526 _aP86
526 _aP85
526 _aP77
526 _aP76
526 _aP35
650 0 4 _aIglesias evangélicas
_zPerú
_xHistoria.
910 _ajck
_bjvq
_cjck
942 _2ddc
_cBOOK
949 _a253.75509 K46
_wDEWEY
_c1
_i38496
_lCCODEBUL1
_mBUL
_r0
_sY
_tBOOK
_u2015-4-23
_xTEOLOGIA
_zUNKNOWN
_0COMPRA
_o.STAFF. Colección Teología
949 _a253.75509 K46
_wDEWEY
_c2
_i39830
_lCCODEBUL1
_mBUL
_r0
_sY
_tBOOK
_u2015-6-16
_xTEOLOGIA
_zUNKNOWN
_0COMPRA
_o.STAFF. Colección Teología
949 _a253.75509 K46
_wDEWEY
_c3
_i48351
_d2015-11-11
_e2015-11-11
_lCCODEBUL1
_mBUL
_n2
_r0
_sY
_tBOOK
_u2015-4-23
_xTEOLOGIA
_PP35
_0COMPRA
_o.STAFF. Colección Teología
994 _aC0
_bPEPRU
596 _a1
999 _a253.75509 K46
_wDEWEY
_c57598
_i38496
_f2021-11-10
_g5
_lCCODEBUL1
_mBUL
_r0
_sY
_tBOOK
_u2015-4-23
_xTEOLOGIA
_zUNKNOWN
_0COMPRA
_o.STAFF. Colección General
_d57598
999 _a253.75509 K46
_wDEWEY
_c2
_i39830
_f2021-11-10
_g5
_lCCODEBUL1
_mBUL
_r0
_sY
_tBOOK
_u2015-6-16
_xTEOLOGIA
_zUNKNOWN
_0COMPRA
_o.STAFF. Colección General
999 _a253.75509 K46
_wDEWEY
_c3
_i48351
_d2015-11-11
_e2015-11-11
_f2021-11-10
_g5
_lCCODEBUL1
_mBUL
_n2
_p8.50
_r0
_sY
_tBOOK
_u2015-4-23
_xTEOLOGIA
_PP35
_0COMPRA
_o.STAFF. Colección Teología
980 _81
_gALBERTO SANCHEZ Responsable de Automatización